LEADER 01466nam--2200433---450- 001 990001235610203316 005 20060222120648.0 035 $a000123561 035 $aUSA01000123561 035 $a(ALEPH)000123561USA01 035 $a000123561 100 $a20031103d1980----km-y0itay0103----ba 101 0 $aita 102 $aIT 105 $a||||||||001yy 200 1 $aStoria della morte in Occidente$edal Medioevo ai nostri giorni$fPhilippe Aries$gtrad. di Simona Vegezzi 205 $a2. ed 210 $aMilano$cBiblioteca Universale Rizzoli$d1980 215 $a257 p.$d18 cm. 225 2 $aBUR$iStoria$v168 312 $aEssais sur l'histoire de la mort en Occident du Moyen Age à nos jours 410 0$12001$aBUR$iStoria$v168 454 1$12001$aEssais sur l'histoire de la mort en Occident du Moyen Age à nos jours$915775 461 1$1001-------$12001 606 0 $aMorte$xSaggi 676 $a128.5 700 1$aARIES,$bPhilippe$0403228 702 1$aVEGEZZI,$bSimona 801 0$aIT$bsalbc$gISBD 912 $a990001235610203316 951 $aIII.2. 1056(V A Coll.152/168)$b22113 L.M.$cV A Coll. 959 $aBK 969 $aUMA 979 $aSIAV4$b10$c20031103$lUSA01$h1706 979 $aSIAV4$b10$c20031106$lUSA01$h1709 979 $aPATRY$b90$c20040406$lUSA01$h1728 979 $aCOPAT3$b90$c20060222$lUSA01$h1206 996 $aEssais sur l'histoire de la mort en occident du moyen age a nos jours$915775 997 $aUNISA